000 00283nam a2200109Ia 4500
008 220204s9999 xx 000 0 und d
082 _a005
_bMOH
100 _aMohr, H
245 0 _aLectures on structure and significance of science
260 _aNew York
_bSpringer
_c1977
942 _cBK
999 _c28751
_d28751